| 000 | 00574 a2200169 4500 | ||
|---|---|---|---|
| 999 |
_c3670 _d3670 |
||
| 020 | _a9780312419271 | ||
| 050 | _aLB 1573.B48 2005 | ||
| 100 |
_aBartholomae, David _eAuthor |
||
| 245 |
_aResources for teaching ways of reading : _ban anthropology for writers / _cDavid Bartholomae and Anthony Petrosky |
||
| 250 | _a7th ed. | ||
| 264 |
_aNew York : _bBedford/ St Martins, _c2005 |
||
| 300 |
_axvi, 408p. : _bill. |
||
| 500 | _aIncludes index | ||
| 650 | _aReading -- problems, exercises | ||
| 700 |
_aPetrosky, Anthony _eAuthor |
||
| 942 |
_2lcc _cBK _e7th ed. _h1573.B48 _iBAR _kLB |
||